000 00447nam a22001697a 4500
005 20250905121938.0
008 210219b ||||| |||| 00| 0 eng d
020 _a978-93-87788-61-9
041 _aeng
100 _aSAMBAMURTHY, K AND KAR, ASHUTOSH
_96372
245 _aPHARMACEUTICAL ENGINEERING
250 _a2ND ED, 2019
260 _aNEW DELHI
_bNEW AGE INTERNATIONAL PVT,LTD.
_c2019
300 _a540,p
650 _aPHARMACY
942 _cBK
999 _c7458
_d7456